00703 2200253 4500001002100000005001500021035002000036007000300056008004100059020001800100082001200118084001900130100003100149245006800180250001000248300002900258650001500287650001500302264003800317336002100355337001900376338002100395856003300416INLIS00000000000147620260511082411 a0010-0526000001ta260511 g 0 ind  a9789794899380 a636.085 a636.085 ALA p0 aAlamsyah, RizalePengarang1 aPengelolaan Pakan Ayam dan Ikan Secara Modern /cRizal Alamsyah acet.1 a139 p. :bilus. ;c23 cm 4aPakan Ayam 4aPakan ikan aJakarta :bPenebar Swadaya,c2005 2rdacontentateks 2rdamediaabuku 2rdacarrierabuku aPerpustakaan SMK PP N Kupang